000 01661nam a22002537a 4500
008 170114s2016 cr||||| |||| 00| 0 spa d
020 _a9789968899352
082 0 4 _a701.18
_bD542c
100 1 _aDíaz Bringas, Tamara.
_9832
245 1 0 _aCrítica próxima /
_cTamara Díaz Bringas ; editado por Miguel A. López.
246 0 1 _aCritical proximity.
250 _a1a ed.
260 _aSan José, Costa Rica :
_bTEOR/ética,
_c2016.
300 _a202 p.
_bil. col.
440 0 _aEscrituras locales: Posiciones críticas desde América Central, el Caribe y sus diásporas
_v1
_95699
505 0 _tImplicación y compromiso
_rMiguel A. López.
_tArte en Centroamérica: la mirada crítica / Art in Central America: the critical gaze.
_tLa verdadera historia de un personaje ficticio o la historia ficticia de un personaje real / The true story of a fictional character or the fictional story of a real person.
_tDeseo de una carta: del oeste al oeste / The desire of a letter: from the west to the west.
_tNueve entradas en 1989 / Nine innings in 1989.
_tEl club silencio y el vacío de la plaza (a propósito de El susurro de Tatlin) / Club silencio and the empatiness of the square (regarding Tatlin's whisper.
_tHsitoria intelectual, historia afectiva: conversación con Tamara Díaz Bringas / Intellectual history, affective history: a conversation with Tamara Díaz Bringas
_rMiguel A. López.
653 1 0 _aArte contemporáneo
653 1 0 _aArte Centroamericano
653 1 0 _aArte - Crítica e interpretación
653 1 0 _aProcesos artísticos
653 1 0 _aArte - Centroamérica
653 1 0 _aArte - Ensayos
700 1 _aLópez, Miguel A.
_eeditor.
_95700
999 _c1117
_d1117